Top 10 Montreal Canadiens of all time - Statistics

General Stats
  • This quiz has been taken 49 times
  • The average score is 7 of 10
Answer Stats
Rank Position Years active Stats Answer % Correct
4 RW 1971-1985 961 GP - 518 G - 1 246 PTS Guy Lafleur
93%
9 C 1955-1975 1 256 GP - 358 G - 1 046 PTS Henri Richard
93%
1 RW 1942-1960 978 GP - 544 G - 965 PTS Maurice Richard
93%
8 G 1985-1995 289-175-66 - 2.77 GAA - .904 SP% Patrick Roy
86%
2 C 1951-1971 1 125 GP - 507 G - 1 219 PTS Jean Beliveau
83%
7 D 1972-1989 1 202 GP - 197 G - 883 PTS Larry Robinson
81%
6 G 1953-1963 314-133-107 - 2.23 GAA - .921 SP% Jacques Plante
79%
5 C 1923-1934, 1936-1937 460 GP - 257 G - 417 PTS Howie Morenz
55%
3 D 1947-1961 890 GP - 76 G - 447 PTS Doug Harvey
43%
10 C 1917-1922 98 GP - 125 G - 166 PTS Newsy Lalonde
29%
No matching quizzes found
Score Distribution
Percent of People with Each Score
Percentile by Number Answered
Your Score History
You have not taken this quiz